[Event "GBR-ch 111th"]
[Site "Liverpool"]
[Date "2025.08.03"]
[Round "2.33"]
[White "Banerjee, Supratit"]
[Black "Yu, Rock"]
[Result "1-0"]
[WhiteElo "2242"]
[BlackElo "2107"]
[PlyCount "65"]
[EventDate "2025.08.02"]
[EventType "swiss"]
[EventRounds "9"]
[EventCountry "GBR"]
[SourceTitle "BritBase"]
[Source "John Saunders"]
[SourceDate "2025.08.11"]
[SourceVersion "1"]
[SourceVersionDate "2025.08.11"]
[SourceQuality "1"]

1. e4 Nc6 2. Nf3 e5 3. Bb5 Nge7 4. d4 exd4 5. Nxd4 g6 6. Nxc6 Nxc6 7. Nc3 Bg7 8. Be3 a6 9. Bc4 d6 10. O-O Be6 11. Bxe6 fxe6 12. f4 Qd7 13. Qd3 O-O 14. Rad1 Qf7 15. a3 Rad8 16. b4 Qf6 17. Ne2 d5 18. e5 Qf5 19. Bc5 Rf7 20. Rc1 Bf8 21. Bd4 Bh6 22. g3 g5 23. Qxf5 Rxf5 24. g4 Nxd4 25. Nxd4 Rxf4 26. Rxf4 gxf4 27. Nxe6 Re8 28. Nxc7 Rxe5 29. Rd1 Re2 30. Nxd5 Rxc2 31. Ne7+ Kf8 32. Nf5 Bg7 33. Rd8+ 1-0

[Event "GBR-ch 111th"]
[Site "Liverpool"]
[Date "2025.08.03"]
[Round "2.34"]
[White "Hryshchenko, Kamila"]
[Black "Khoury, Theo"]
[Result "0-1"]
[WhiteElo "2097"]
[BlackElo "2239"]
[PlyCount "72"]
[EventDate "2025.08.02"]
[EventType "swiss"]
[EventRounds "9"]
[EventCountry "GBR"]
[SourceTitle "BritBase"]
[Source "John Saunders"]
[SourceDate "2025.08.11"]
[SourceVersion "1"]
[SourceVersionDate "2025.08.11"]
[SourceQuality "1"]

1. e4 c5 2. Nf3 d6 3. Bb5+ Bd7 4. Bxd7+ Nxd7 5. O-O Ngf6 6. Qe2 e6 7. b3 Be7 8. Bb2 O-O 9. c4 a6 10. Nc3 Ne5 11. Rad1 Nxf3+ 12. Qxf3 Nd7 13. d4 cxd4 14. Rxd4 Qa5 15. Qh3 b5 16. c5 b4 17. Nd5 exd5 18. Qxd7 Bf6 19. Rd2 Rfd8 20. Qg4 Bxb2 21. Rxb2 dxc5 22. exd5 Rxd5 23. Re1 Rad8 24. h3 g6 25. Rbe2 Qb6 26. Re7 Qf6 27. R1e2 Rd2 28. Rxd2 Rxd2 29. Qc8+ Kg7 30. Qxc5 Rxa2 31. Re8 g5 32. Qf8+ Kg6 33. Qc5 h6 34. Rc8 Qf4 35. Qb6+ Kg7 36. f3 Qd2 0-1

[Event "GBR-ch 111th"]
[Site "Liverpool"]
[Date "2025.08.03"]
[Round "2.35"]
[White "Sivanandan, Bodhana"]
[Black "Chan, Sheng Liang Bernard"]
[Result "1-0"]
[WhiteElo "2216"]
[BlackElo "2098"]
[PlyCount "134"]
[EventDate "2025.08.02"]
[EventType "swiss"]
[EventRounds "9"]
[EventCountry "GBR"]
[SourceTitle "BritBase"]
[Source "John Saunders"]
[SourceDate "2025.08.11"]
[SourceVersion "1"]
[SourceVersionDate "2025.08.11"]
[SourceQuality "1"]

1. e4 e5 2. Nf3 Nf6 3. Nc3 Nc6 4. d4 exd4 5. Nxd4 Bb4 6. Nxc6 bxc6 7. Bd3 O-O 8. O-O d5 9. exd5 Bg4 10. Ne2 cxd5 11. h3 Bh5 12. c4 Re8 13. Qc2 Bg6 14. Bxg6 hxg6 15. Rd1 Qe7 16. Ng3 dxc4 17. Qxc4 Bd6 18. Bf4 Rab8 19. b3 Bxf4 20. Qxf4 Rb4 21. Qf3 c5 22. Rac1 Rc8 23. Nf1 a5 24. Nd2 a4 25. Nc4 axb3 26. axb3 Qe4 27. Rd3 Rcb8 28. Nd2 Qxf3 29. Rxf3 Rd4 30. Nc4 Ne4 31. Ne5 Nd2 32. Rfc3 Re4 33. Nd7 Rxb3 34. Rxc5 Rb1 35. Rxb1 Nxb1 36. Ne5 Nd2 37. f3 Rf4 38. Rc8+ Kh7 39. Rf8 f6 40. Rh8+ Kxh8 41. Nxg6+ Kh7 42. Nxf4 g5 43. Nd5 Kg6 44. Kf2 Kf5 45. Ne3+ Kg6 46. Nd5 Kf5 47. Ne3+ Kg6 48. Ke2 Nb3 49. Nc4 Nd4+ 50. Kd3 Ne6 51. g3 Ng7 52. Ne3 Nh5 53. Nf1 f5 54. Kd4 Kf6 55. Kd5 f4 56. g4 Ng3 57. Nd2 Ne2 58. Ne4+ Kg6 59. Nf2 Kf6 60. Ke4 Ke6 61. Nd1 Ng3+ 62. Kd3 Ke5 63. Nc3 Kf6 64. Ne4+ Nxe4 65. Kxe4 Ke6 66. h4 gxh4 67. Kxf4 Kf6 1-0

[Event "GBR-ch 111th"]
[Site "Liverpool"]
[Date "2025.08.03"]
[Round "2.36"]
[White "Honey, Luke"]
[Black "Yoon, Jacob D"]
[Result "0-1"]
[WhiteElo "2082"]
[BlackElo "2203"]
[PlyCount "62"]
[EventDate "2025.08.02"]
[EventType "swiss"]
[EventRounds "9"]
[EventCountry "GBR"]
[SourceTitle "BritBase"]
[Source "John Saunders"]
[SourceDate "2025.08.11"]
[SourceVersion "1"]
[SourceVersionDate "2025.08.11"]
[SourceQuality "1"]

1. e4 c6 2. d4 d5 3. exd5 cxd5 4. Bd3 Nc6 5. c3 Nf6 6. Bf4 Bg4 7. Nf3 e6 8. Nbd2 Bd6 9. Bxd6 Qxd6 10. O-O O-O 11. Qe1 Ne7 12. Ne5 Bf5 13. f4 Bxd3 14. Nxd3 b5 15. Rf3 a5 16. Ne5 b4 17. g4 h5 18. h3 bxc3 19. bxc3 a4 20. Kh1 Rab8 21. Qh4 Ne4 22. Nxe4 dxe4 23. Nc4 Qc7 24. Re3 Ng6 25. Qg5 Qxc4 26. gxh5 Rb5 27. Qg4 Ne7 28. Rg1 Nf5 29. h6 g6 30. Qg5 Qc7 31. Qf6 Qxf4 0-1

[Event "GBR-ch 111th"]
[Site "Liverpool"]
[Date "2025.08.03"]
[Round "2.37"]
[White "Jackson, Edward"]
[Black "Pereslavtsev, Alexandr"]
[Result "0-1"]
[WhiteElo "2194"]
[BlackElo "2079"]
[PlyCount "58"]
[EventDate "2025.08.02"]
[EventType "swiss"]
[EventRounds "9"]
[EventCountry "GBR"]
[SourceTitle "BritBase"]
[Source "John Saunders"]
[SourceDate "2025.08.11"]
[SourceVersion "1"]
[SourceVersionDate "2025.08.11"]
[SourceQuality "1"]

1. b3 Nf6 2. Bb2 g6 3. c4 Bg7 4. Nc3 O-O 5. g3 d5 6. cxd5 Nxd5 7. Bg2 Be6 8. Nf3 c5 9. Ng5 Nxc3 10. dxc3 Bc8 11. O-O Qc7 12. Qc2 Nc6 13. e3 c4 14. Qe4 Qa5 15. Qh4 h5 16. b4 Qe5 17. Nf3 Qf6 18. Qxc4 Bg4 19. Nd4 Ne5 20. Qb3 Nf3+ 21. Nxf3 Bxf3 22. h4 Rac8 23. Rac1 Rfd8 24. Bxf3 Qxf3 25. c4 g5 26. Bxg7 gxh4 27. e4 Rd3 28. Qxd3 Qxd3 29. Be5 h3 0-1

[Event "GBR-ch 111th"]
[Site "Liverpool"]
[Date "2025.08.03"]
[Round "2.38"]
[White "Malinovskii, Ilia"]
[Black "Badacsonyi, Frankie"]
[Result "0-1"]
[WhiteElo "2075"]
[BlackElo "2193"]
[PlyCount "68"]
[EventDate "2025.08.02"]
[EventType "swiss"]
[EventRounds "9"]
[EventCountry "GBR"]
[SourceTitle "BritBase"]
[Source "John Saunders"]
[SourceDate "2025.08.11"]
[SourceVersion "1"]
[SourceVersionDate "2025.08.11"]
[SourceQuality "1"]

1. e4 e6 2. d4 d5 3. e5 c5 4. c3 Nc6 5. Nf3 Bd7 6. Be2 Nge7 7. O-O Ng6 8. g3 f6 9. Bd3 fxe5 10. Bxg6+ hxg6 11. dxe5 Be7 12. h4 O-O 13. Bf4 Rxf4 14. gxf4 Qf8 15. Nbd2 Qxf4 16. Re1 Rf8 17. Qe2 Qg4+ 18. Kh1 Rf5 19. Nh2 Qxh4 20. Ndf3 Qh5 21. b4 cxb4 22. Nd4 Nxd4 23. cxd4 Qh4 24. Qg4 Qxg4 25. Nxg4 Rf4 26. Rg1 Rxd4 27. Rg3 Bh4 28. Rg2 Bc6 29. Rag1 Rf4 30. f3 Rxf3 31. Nh6+ gxh6 32. Rxg6+ Kf7 33. Rxh6 Rh3+ 34. Kg2 Rg3+ 0-1

[Event "GBR-ch 111th"]
[Site "Liverpool"]
[Date "2025.08.03"]
[Round "2.39"]
[White "Stubbs, Oliver"]
[Black "Liu, Jack"]
[Result "1-0"]
[WhiteElo "2191"]
[BlackElo "2071"]
[PlyCount "71"]
[EventDate "2025.08.02"]
[EventType "swiss"]
[EventRounds "9"]
[EventCountry "GBR"]
[SourceTitle "BritBase"]
[Source "John Saunders"]
[SourceDate "2025.08.11"]
[SourceVersion "1"]
[SourceVersionDate "2025.08.11"]
[SourceQuality "1"]

1. d4 Nf6 2. Nf3 g6 3. Bf4 Bg7 4. e3 d6 5. h3 c5 6. Nbd2 Nc6 7. c3 O-O 8. dxc5 dxc5 9. e4 Nh5 10. Be3 b6 11. Bc4 Qc7 12. O-O Bb7 13. Qc2 Rad8 14. Rfe1 a6 15. a4 Na5 16. Bf1 e5 17. Nc4 Nxc4 18. Bxc4 h6 19. Rad1 Nf6 20. Nd2 Rd7 21. f3 Rfd8 22. Be2 Ne8 23. Nc4 Nd6 24. Qb3 Nxc4 25. Bxc4 Rxd1 26. Rxd1 Rxd1+ 27. Qxd1 Bf8 28. Qd3 a5 29. b3 h5 30. Kf2 Kg7 31. Ke2 Be7 32. Bd2 Bd6 33. Qe3 Kg8 34. Qh6 Qd7 35. Qxg6+ Kf8 36. Bh6+ 1-0

[Event "GBR-ch 111th"]
[Site "Liverpool"]
[Date "2025.08.03"]
[Round "2.40"]
[White "Weersing, Abigail R"]
[Black "Murawski, Jan"]
[Result "1-0"]
[WhiteElo "2056"]
[BlackElo "2189"]
[PlyCount "85"]
[EventDate "2025.08.02"]
[EventType "swiss"]
[EventRounds "9"]
[EventCountry "GBR"]
[SourceTitle "BritBase"]
[Source "John Saunders"]
[SourceDate "2025.08.11"]
[SourceVersion "1"]
[SourceVersionDate "2025.08.11"]
[SourceQuality "1"]

1. d4 Nf6 2. c4 e6 3. Nc3 d5 4. Bg5 Be7 5. Nf3 h6 6. Bh4 O-O 7. e3 b6 8. Bd3 dxc4 9. Bxc4 Bb7 10. O-O Nbd7 11. Qe2 a6 12. a4 c5 13. Rfd1 Ne4 14. Nxe4 Bxe4 15. Bxe7 Qxe7 16. Bxa6 Bxf3 17. gxf3 cxd4 18. Bb5 Nc5 19. exd4 Nb7 20. Bc6 Ra5 21. Bxb7 Qxb7 22. Qe4 Rd5 23. b4 Qc7 24. h4 Rfd8 25. Qg4 e5 26. Rdc1 Qe7 27. dxe5 Qxe5 28. Re1 Qf6 29. Rac1 Rf5 30. Rc6 Qxc6 31. Qxf5 Qxa4 32. Re7 Qd1+ 33. Kg2 Qd5 34. Re8+ Rxe8 35. Qxd5 Re6 36. h5 g6 37. f4 Rf6 38. Qd8+ Kg7 39. Qd4 gxh5 40. f5 h4 41. Kh3 h5 42. Kxh4 b5 43. Kxh5 1-0

[Event "GBR-ch 111th"]
[Site "Liverpool"]
[Date "2025.08.03"]
[Round "2.41"]
[White "Jones, Steven A"]
[Black "Dicen, Elis Denele"]
[Result "1-0"]
[WhiteElo "2185"]
[BlackElo "2069"]
[PlyCount "117"]
[EventDate "2025.08.02"]
[EventType "swiss"]
[EventRounds "9"]
[EventCountry "GBR"]
[SourceTitle "BritBase"]
[Source "John Saunders"]
[SourceDate "2025.08.11"]
[SourceVersion "1"]
[SourceVersionDate "2025.08.11"]
[SourceQuality "1"]

1. e4 c5 2. Nf3 Nc6 3. Nc3 g6 4. d4 cxd4 5. Nxd4 Bg7 6. Be3 Nf6 7. Nxc6 bxc6 8. e5 Ng8 9. f4 Nh6 10. Qd2 d6 11. exd6 Qxd6 12. O-O-O Qxd2+ 13. Rxd2 Nf5 14. Bc5 h5 15. Bc4 Bh6 16. g3 O-O 17. Re1 Re8 18. Ne4 Bg7 19. h3 Rb8 20. c3 Be6 21. Bxe6 fxe6 22. g4 hxg4 23. hxg4 Nh6 24. Ng5 e5 25. Ne6 exf4 26. g5 Nf7 27. a4 Rb7 28. Re4 Be5 29. Nxf4 Bxf4 30. Rxf4 Kg7 31. Rc4 e5 32. Be3 Re6 33. Rc5 Rc7 34. Ra5 Nd6 35. Rxa7 Rxa7 36. Bxa7 Nc4 37. Rd7+ Kf8 38. b3 Ke8 39. Rd1 Nd6 40. a5 Nb5 41. Bc5 Nxc3 42. a6 Nb5 43. a7 Nxa7 44. Bxa7 e4 45. Kc2 Re5 46. Be3 Ke7 47. Kc3 Ke6 48. b4 Rf5 49. Rd8 Ke5 50. Re8+ Kd5 51. Rd8+ Ke5 52. Kc4 Rf3 53. Re8+ Kd6 54. Rxe4 Rf5 55. Rf4 Re5 56. Rf6+ Kd7 57. Kd3 Rb5 58. Bc5 Rb8 59. Rxg6 1-0

[Event "GBR-ch 111th"]
[Site "Liverpool"]
[Date "2025.08.03"]
[Round "2.42"]
[White "Lebedev, Lion"]
[Black "Shafi, Declan"]
[Result "1/2-1/2"]
[WhiteElo "2048"]
[BlackElo "2183"]
[PlyCount "104"]
[EventDate "2025.08.02"]
[EventType "swiss"]
[EventRounds "9"]
[EventCountry "GBR"]
[SourceTitle "BritBase"]
[Source "John Saunders"]
[SourceDate "2025.08.11"]
[SourceVersion "1"]
[SourceVersionDate "2025.08.11"]
[SourceQuality "1"]

1. e4 c6 2. Nf3 d5 3. d3 g6 4. e5 c5 5. d4 cxd4 6. Nxd4 Nc6 7. f4 Nxd4 8. Qxd4 e6 9. Nc3 Ne7 10. Bd3 Nc6 11. Qf2 b6 12. Bd2 Bc5 13. Qf3 Nb4 14. O-O-O Nxd3+ 15. cxd3 Bb7 16. Kb1 Qd7 17. Be1 d4 18. Ne4 O-O-O 19. Rc1 Kb8 20. Qe2 Rc8 21. Bf2 Be7 22. Rhd1 Rhd8 23. Qe1 Bd5 24. Rxc8+ Rxc8 25. Rc1 Rxc1+ 26. Qxc1 Qb5 27. Qd2 Bxe4 28. dxe4 Qf1+ 29. Be1 g5 30. fxg5 Bxg5 31. Qxg5 Qxe1+ 32. Kc2 Qxe4+ 33. Kd2 Kc8 34. Qg8+ Kb7 35. Qxf7+ Ka6 36. Qf1+ b5 37. Qf6 Qe3+ 38. Kd1 Qd3+ 39. Kc1 Qc4+ 40. Kb1 Qd3+ 41. Kc1 Qc4+ 42. Kb1 Qd5 43. Qf4 d3 44. Qd2 Qd4 45. a3 Qg1+ 46. Ka2 Qxh2 47. Qc3 Qxg2 48. Qc8+ Kb6 49. Qxe6+ Qc6 50. Qf6 d2 51. Qf2+ Qc5 52. Qxd2 Qxe5 1/2-1/2

[Event "GBR-ch 111th"]
[Site "Liverpool"]
[Date "2025.08.03"]
[Round "2.43"]
[White "Golding, James"]
[Black "Patel, Zain"]
[Result "1-0"]
[WhiteElo "2176"]
[BlackElo "2048"]
[PlyCount "137"]
[EventDate "2025.08.02"]
[EventType "swiss"]
[EventRounds "9"]
[EventCountry "GBR"]
[SourceTitle "BritBase"]
[Source "John Saunders"]
[SourceDate "2025.08.11"]
[SourceVersion "1"]
[SourceVersionDate "2025.08.11"]
[SourceQuality "1"]

1. d4 Nf6 2. c4 e6 3. Nf3 d5 4. Bg5 dxc4 5. e3 b5 6. a4 c6 7. Nc3 Bb4 8. Qc2 O-O 9. Be2 h6 10. Bxf6 Qxf6 11. axb5 Bb7 12. bxc6 Bxc6 13. O-O Nd7 14. Rfc1 Rfc8 15. Qd1 Bd6 16. e4 Qg6 17. Nd2 Bf4 18. d5 exd5 19. exd5 Bb7 20. Rc2 Ne5 21. g3 Bxd2 22. Rxd2 Re8 23. f4 Qb6+ 24. Kh1 Nd3 25. Bxd3 cxd3 26. Rxd3 Qxb2 27. Rb1 Qf2 28. Qd2 Qxd2 29. Rxd2 Bc8 30. Kg1 Bf5 31. Ra1 a6 32. Ra5 Rac8 33. Ne2 Bg4 34. Kf2 Rcd8 35. Nd4 Rd6 36. Nc6 Be6 37. Nb4 Rb8 38. Rd4 Kh7 39. Ke3 Bg4 40. Rxa6 Re8+ 41. Re4 Rxa6 42. Nxa6 Rd8 43. Nb4 Ra8 44. Kd4 Kg6 45. Kc5 Kf6 46. d6 Rc8+ 47. Kb6 Be6 48. Rd4 Rb8+ 49. Kc7 Rc8+ 50. Kb7 Rd8 51. Nd3 Rd7+ 52. Kc6 Rd8 53. d7 h5 54. Kc7 Ke7 55. Ne5 Bxd7 56. Rxd7+ Rxd7+ 57. Nxd7 Ke6 58. Kd8 Kf5 59. Ke7 f6 60. Kf7 g5 61. fxg5 fxg5 62. Nf6 h4 63. g4+ Kf4 64. Kg6 h3 65. Kh5 Kf3 66. Kxg5 Kg2 67. Ne4 Kxh2 68. Nf2 Kg2 69. Nxh3 1-0

[Event "GBR-ch 111th"]
[Site "Liverpool"]
[Date "2025.08.03"]
[Round "2.44"]
[White "Sedykh, Mikhail"]
[Black "Jukes, Sam"]
[Result "1-0"]
[WhiteElo "2159"]
[BlackElo "1972"]
[PlyCount "95"]
[EventDate "2025.08.02"]
[EventType "swiss"]
[EventRounds "9"]
[EventCountry "GBR"]
[SourceTitle "BritBase"]
[Source "John Saunders"]
[SourceDate "2025.08.11"]
[SourceVersion "1"]
[SourceVersionDate "2025.08.11"]
[SourceQuality "1"]

1. d4 Nf6 2. c4 e6 3. Nc3 Bb4 4. Qc2 d5 5. cxd5 Qxd5 6. e3 O-O 7. Bd2 Qd8 8. Bd3 h6 9. Nge2 c5 10. a3 cxd4 11. axb4 dxc3 12. Bxc3 Nd5 13. Be4 Nxc3 14. bxc3 Qb6 15. O-O e5 16. Ra5 f6 17. Bd5+ Be6 18. Qa2 Bxd5 19. Qxd5+ Rf7 20. Rd1 Nc6 21. Rb5 Qc7 22. Qa2 Rd8 23. Rbd5 b6 24. Ng3 g6 25. h4 h5 26. Ne4 Kg7 27. Rxd8 Nxd8 28. Qd5 Nb7 29. c4 a5 30. bxa5 Nxa5 31. c5 bxc5 32. Nxc5 Kh6 33. e4 Nc6 34. Ne6 Qb6 35. Qd2+ Kh7 36. Qd6 Qb3 37. Ra1 Qb2 38. Ra6 Nd4 39. Ng5+ Kg7 40. g3 Qc1+ 41. Kg2 Ne2 42. Nf3 Qc4 43. Ra8 Qc7 44. Qd3 Nc1 45. Qb5 Rf8 46. Ra6 Rb8 47. Rc6 Qd7 48. Qc4 1-0

[Event "GBR-ch 111th"]
[Site "Liverpool"]
[Date "2025.08.03"]
[Round "2.45"]
[White "Turner, Lewis A"]
[Black "Bradbury, Neil H"]
[Result "0-1"]
[WhiteElo "1965"]
[BlackElo "2137"]
[PlyCount "44"]
[EventDate "2025.08.02"]
[EventType "swiss"]
[EventRounds "9"]
[EventCountry "GBR"]
[SourceTitle "BritBase"]
[Source "John Saunders"]
[SourceDate "2025.08.11"]
[SourceVersion "1"]
[SourceVersionDate "2025.08.11"]
[SourceQuality "1"]

1. e4 c5 2. Nf3 e6 3. d4 cxd4 4. Nxd4 Nc6 5. Nc3 Qc7 6. Be3 a6 7. g4 b5 8. Nxc6 Qxc6 9. Qd2 Nf6 10. f3 h6 11. O-O-O Bb4 12. Bd4 Bb7 13. g5 hxg5 14. Qxg5 Bf8 15. Bd3 Rh5 16. Qe3 b4 17. Nd5 Nxd5 18. exd5 Qxd5 19. Be4 Qb5 20. Rhg1 Bxe4 21. Qxe4 d5 22. Qe3 Rxh2 0-1

[Event "GBR-ch 111th"]
[Site "Liverpool"]
[Date "2025.08.03"]
[Round "2.46"]
[White "Eames, Robert S"]
[Black "Strade, Arita"]
[Result "1-0"]
[WhiteElo "2136"]
[BlackElo "1971"]
[PlyCount "71"]
[EventDate "2025.08.02"]
[EventType "swiss"]
[EventRounds "9"]
[EventCountry "GBR"]
[SourceTitle "BritBase"]
[Source "John Saunders"]
[SourceDate "2025.08.11"]
[SourceVersion "1"]
[SourceVersionDate "2025.08.11"]
[SourceQuality "1"]

1. e4 c5 2. Nf3 d6 3. d4 cxd4 4. Nxd4 g6 5. Nc3 Nf6 6. Be3 Bg7 7. f3 Nc6 8. Qd2 h5 9. O-O-O Nxd4 10. Bxd4 O-O 11. Kb1 Be6 12. h4 Nd7 13. g4 Bxd4 14. Qxd4 Nf6 15. gxh5 Nxh5 16. Rg1 Qb6 17. Qxb6 axb6 18. Nd5 Bxd5 19. Rxd5 Ra5 20. Rd4 Nf4 21. Rb4 Rc8 22. Rxb6 Rac5 23. c4 R8c7 24. Rg4 Ne6 25. Bd3 Rh5 26. f4 Kf8 27. Rb5 Nc5 28. Bc2 e5 29. f5 g5 30. b4 Na6 31. hxg5 Rxc4 32. Bb3 Rd4 33. g6 fxg6 34. fxg6 Rh1+ 35. Kb2 Rh2+ 36. Ka3 1-0

[Event "GBR-ch 111th"]
[Site "Liverpool"]
[Date "2025.08.03"]
[Round "2.47"]
[White "Gunarathne, Senith"]
[Black "Crawford, Owen"]
[Result "1/2-1/2"]
[WhiteElo "1918"]
[BlackElo "2125"]
[PlyCount "90"]
[EventDate "2025.08.02"]
[EventType "swiss"]
[EventRounds "9"]
[EventCountry "GBR"]
[SourceTitle "BritBase"]
[Source "John Saunders"]
[SourceDate "2025.08.11"]
[SourceVersion "1"]
[SourceVersionDate "2025.08.11"]
[SourceQuality "1"]

1. e4 d6 2. d4 Nf6 3. Nc3 g6 4. Nf3 Bg7 5. Be2 O-O 6. Be3 a6 7. h3 b5 8. e5 Nfd7 9. exd6 cxd6 10. Qd2 Nf6 11. a3 Nbd7 12. Bh6 Re8 13. Bxg7 Kxg7 14. O-O Bb7 15. Rfe1 e5 16. dxe5 dxe5 17. Rad1 Bc6 18. Nh2 Qb6 19. Ng4 Qb7 20. Qh6+ Kg8 21. Rd6 Nxg4 22. Bxg4 Nf8 23. Qe3 f5 24. Bf3 Bxf3 25. Qxf3 Qxf3 26. gxf3 Kf7 27. Nd5 Ra7 28. Nb4 Re6 29. Rxe6 Nxe6 30. Rxe5 Nd4 31. Kg2 a5 32. Nd3 Nxc2 33. Rxb5 Kf6 34. h4 Rd7 35. Ne5 Rd2 36. Nc4 Rd3 37. Nxa5 Nd4 38. Rb6+ Kf7 39. Nc6 Nxf3 40. Rb4 Ke6 41. Kf1 Rd2 42. Na5 Nh2+ 43. Ke1 Nf3+ 44. Kf1 Nh2+ 45. Ke1 Nf3+ 1/2-1/2

[Event "GBR-ch 111th"]
[Site "Liverpool"]
[Date "2025.08.03"]
[Round "2.48"]
[White "Fellowes, Billy"]
[Black "Carpenter, Paul A"]
[Result "1-0"]
[WhiteElo "2122"]
[BlackElo "1922"]
[PlyCount "71"]
[EventDate "2025.08.02"]
[EventType "swiss"]
[EventRounds "9"]
[EventCountry "GBR"]
[SourceTitle "BritBase"]
[Source "John Saunders"]
[SourceDate "2025.08.11"]
[SourceVersion "1"]
[SourceVersionDate "2025.08.11"]
[SourceQuality "1"]

1. e4 b6 2. d4 Bb7 3. Bd3 e6 4. Nf3 g6 5. h4 h6 6. c3 Bg7 7. Qe2 a6 8. Nbd2 d6 9. Nc4 Nc6 10. Ne3 Nf6 11. Bd2 Ne7 12. Nf1 c5 13. Ng3 Qc7 14. Rc1 b5 15. Bf4 c4 16. Bc2 Nd7 17. O-O e5 18. Be3 Nf6 19. a4 Ng4 20. Bd2 O-O 21. h5 Bc8 22. Rcd1 Bd7 23. Bc1 Qc8 24. Qd2 Be6 25. Qe2 Qc7 26. Nh4 Rad8 27. Nhf5 Bxf5 28. exf5 Nf6 29. dxe5 dxe5 30. hxg6 fxg6 31. fxg6 Nfd5 32. Nh5 Nf4 33. Bxf4 exf4 34. Rxd8 Qxd8 35. Qe6+ Kh8 36. Rd1 1-0

[Event "GBR-ch 111th"]
[Site "Liverpool"]
[Date "2025.08.03"]
[Round "2.49"]
[White "Korsinskij, Marek"]
[Black "Vaidyanathan, Adithya"]
[Result "0-1"]
[WhiteElo "1727"]
[BlackElo "2115"]
[PlyCount "50"]
[EventDate "2025.08.02"]
[EventType "swiss"]
[EventRounds "9"]
[EventCountry "GBR"]
[SourceTitle "BritBase"]
[Source "John Saunders"]
[SourceDate "2025.08.11"]
[SourceVersion "1"]
[SourceVersionDate "2025.08.11"]
[SourceQuality "1"]

1. c4 c5 2. Nc3 g6 3. g3 Bg7 4. Bg2 Nc6 5. e4 a6 6. Nge2 b5 7. cxb5 axb5 8. Nxb5 Ba6 9. Nec3 Qb8 10. a4 Bxc3 11. Nxc3 Nb4 12. Bf1 Nd3+ 13. Bxd3 Bxd3 14. Qf3 c4 15. Qe3 Nf6 16. f3 d6 17. Kf2 Nd7 18. b3 Qxb3 19. Nb5 O-O 20. Nc3 f5 21. exf5 Ne5 22. Nb5 Rxf5 23. Qd4 Nxf3 24. Qc3 Nd4+ 25. Ke3 Nc2+ 0-1

[Event "GBR-ch 111th"]
[Site "Liverpool"]
[Date "2025.08.03"]
[Round "2.50"]
[White "Adams, Henry"]
[Black "Nevska, Gerda"]
[Result "1-0"]
[WhiteElo "2114"]
[BlackElo "1799"]
[PlyCount "51"]
[EventDate "2025.08.02"]
[EventType "swiss"]
[EventRounds "9"]
[EventCountry "GBR"]
[SourceTitle "BritBase"]
[Source "John Saunders"]
[SourceDate "2025.08.11"]
[SourceVersion "1"]
[SourceVersionDate "2025.08.11"]
[SourceQuality "1"]

1. d4 c5 2. d5 Nf6 3. c4 e6 4. Nc3 exd5 5. cxd5 d6 6. Nf3 g6 7. g3 Bg7 8. Bg2 O-O 9. O-O Bg4 10. Nd2 Qd7 11. a4 a6 12. Nc4 Qe7 13. h3 Bd7 14. Qb3 Bxa4 15. Rxa4 b5 16. Nxb5 axb5 17. Rxa8 bxc4 18. Qxc4 Qb7 19. Qa4 Nfd7 20. Ra7 Qc8 21. b4 Re8 22. bxc5 Nxc5 23. Qb5 Ne4 24. Bxe4 Rxe4 25. Ra8 Re8 26. Bf4 1-0

[Event "GBR-ch 111th"]
[Site "Liverpool"]
[Date "2025.08.04"]
[Round "3.1"]
[White "Vitiugov, Nikita"]
[Black "Makkar, Rajat"]
[Result "1-0"]
[WhiteElo "2676"]
[BlackElo "2406"]
[PlyCount "87"]
[EventDate "2025.08.02"]
[EventType "swiss"]
[EventRounds "9"]
[EventCountry "GBR"]
[SourceTitle "BritBase"]
[Source "John Saunders"]
[SourceDate "2025.08.11"]
[SourceVersion "1"]
[SourceVersionDate "2025.08.11"]
[SourceQuality "1"]

1. e4 e5 2. Nf3 Nc6 3. Bb5 a6 4. Ba4 Bc5 5. c3 Nge7 6. O-O Ba7 7. d4 Ng6 8. Bxc6 dxc6 9. Nxe5 Nxe5 10. dxe5 Qe7 11. Qf3 Qxe5 12. Bf4 Qe7 13. Qg3 f6 14. Bxc7 Be6 15. Nd2 h5 16. h4 g5 17. hxg5 h4 18. Qf4 fxg5 19. Qe5 O-O 20. Nf3 Qf6 21. Qxf6 Rxf6 22. Be5 Rg6 23. Bd4 Bxd4 24. Nxd4 Bc4 25. Rfd1 Rf8 26. Nf5 Rgf6 27. Rd7 R8f7 28. Rxf7 Bxf7 29. f3 Be6 30. Nd4 Bc8 31. Rd1 Rd6 32. b4 b6 33. Rd2 Kf7 34. Kf2 Kf6 35. Ke3 c5 36. bxc5 bxc5 37. Nb3 Rxd2 38. Kxd2 Be6 39. Ke3 Bxb3 40. axb3 a5 41. c4 Ke6 42. Kf2 Ke5 43. g3 h3 44. Kg1 1-0

[Event "GBR-ch 111th"]
[Site "Liverpool"]
[Date "2025.08.04"]
[Round "3.2"]
[White "Ghasi, Ameet K"]
[Black "Kanyamarala, Tarun"]
[Result "1-0"]
[WhiteElo "2501"]
[BlackElo "2397"]
[PlyCount "43"]
[EventDate "2025.08.02"]
[EventType "swiss"]
[EventRounds "9"]
[EventCountry "GBR"]
[SourceTitle "BritBase"]
[Source "John Saunders"]
[SourceDate "2025.08.11"]
[SourceVersion "1"]
[SourceVersionDate "2025.08.11"]
[SourceQuality "1"]

1. c4 e6 2. Nf3 d5 3. d4 Nd7 4. g3 dxc4 5. Bg2 Rb8 6. O-O b5 7. Ne5 Nxe5 8. dxe5 Qxd1 9. Rxd1 Bb7 10. a4 Bxg2 11. Kxg2 a6 12. axb5 axb5 13. Ra7 Bb4 14. Rxc7 Ba5 15. Ra7 Bb6 16. Ra6 Ne7 17. Nc3 O-O 18. Rd7 Nc6 19. Rd6 Rfc8 20. Nxb5 h6 21. Nc3 Rc7 22. Na4 1-0

[Event "GBR-ch 111th"]
[Site "Liverpool"]
[Date "2025.08.04"]
[Round "3.3"]
[White "Claridge-Hansen, William"]
[Black "Fernandez, Daniel H"]
[Result "1-0"]
[WhiteElo "2364"]
[BlackElo "2500"]
[PlyCount "79"]
[EventDate "2025.08.02"]
[EventType "swiss"]
[EventRounds "9"]
[EventCountry "GBR"]
[SourceTitle "BritBase"]
[Source "John Saunders"]
[SourceDate "2025.08.11"]
[SourceVersion "1"]
[SourceVersionDate "2025.08.11"]
[SourceQuality "1"]

1. c4 b6 2. Nc3 Bb7 3. e4 e6 4. Nge2 Nf6 5. f3 d5 6. cxd5 exd5 7. e5 d4 8. exf6 dxc3 9. fxg7 cxd2+ 10. Qxd2 Qxd2+ 11. Bxd2 Bxg7 12. O-O-O O-O 13. Ng3 Nc6 14. Nh5 Rad8 15. Nxg7 Kxg7 16. Bc3+ f6 17. Be2 a5 18. Rxd8 Rxd8 19. Rd1 Rxd1+ 20. Kxd1 Nb4 21. a3 Nd5 22. Bd2 f5 23. g4 Kf6 24. Bd3 Bc8 25. h3 Bd7 26. Ke1 Ke5 27. Kf2 Nf4 28. Bf1 Nd5 29. Kg3 f4+ 30. Kh4 Ba4 31. Bd3 h6 32. g5 hxg5+ 33. Kxg5 Bd1 34. Be4 c5 35. h4 Ke6 36. h5 Nf6 37. Bf5+ Ke7 38. h6 Bxf3 39. Bc3 Ne4+ 40. Kxf4 1-0